Chinese law: towards an understanding of chinese law, its nature...

Na minha lista:
Detalhes bibliográficos
Autor principal: Jianfu Chen
Formato: Desconhecido
Idioma:inglês
Tags: Adicionar Tag
Sem tags, seja o primeiro a adicionar uma tag!

MARC

LEADER 00000 a2200000 4500
003 CL-VaPUC
005 20200910134727.0
008 200910b ||||| |||| 00| 0 eng d
999 |c 1203  |d 1203 
040 |c Pontificia Universidad Católica de Valparaíso 
100 |a Jianfu Chen  |9 49 
245 |a Chinese law: towards an understanding of chinese law, its nature... 
583 |c 20200910 
852 |a BIBCUR 
942 |2 ddc  |c BK  |n 1